Cultural resources survey of the New Horizons S #1H project area, Panola County, Texas /

Bibliographic Details
Main Author: Goodmaster, Christopher (Christopher Vincent), 1978-
Corporate Author: Texas Historical Commission
Other Authors: Green, Melissa M.
Format: Government Document Book
Language:English
Published: Plano, Tex. : Geo-Marine, [2012]
Series:Short report (Geo-Marine, Inc.) ; no. 349.
Subjects:

MARC

Tag First Indicator Second Indicator Subfields
LEADER 00000cam a2200000Ia 4500
001 in00002785714
005 20151202171710.0
008 121109s2012 txuab b s000 0 eng d
035 |a (OCoLC)ocn816704933 
035 |a (OCoLC)816704933 
040 |a IKM  |c IKM  |d IKM  |d TXA  |d UtOrBLW 
043 |a n-us-tx 
049 |a TXAM 
086 |a H2000.8 N420HS 2012  |2 txdocs 
090 |a F392.P17  |b G674 2012 
100 1 |a Goodmaster, Christopher  |q (Christopher Vincent),  |d 1978- 
245 1 0 |a Cultural resources survey of the New Horizons S #1H project area, Panola County, Texas /  |c by Christopher Goodmaster ; principal investigator, Melissa M. Green. 
264 1 |a Plano, Tex. :  |b Geo-Marine,  |c [2012] 
300 |a iii, 15 leaves :  |b color illustrations, color maps ;  |c 28 cm. 
336 |a text  |b txt  |2 rdacontent 
337 |a unmediated  |b n  |2 rdamedia 
338 |a volume  |b nc  |2 rdacarrier 
490 1 |a Short report ;  |v no. 349 
500 |a "July 2012 ; Under U.S. Army Corps of Engineers, Fort Worth District, project number SWF 2012-00210." 
500 |a "For Titanium Environmental Services, LLC., Longview, Texas." 
500 |a Regulated by the Texas Historical Commission through the National Historic Preservation Act. 
504 |a Includes bibliographical references (leaves 13-15). 
650 0 |a Excavations (Archaeology)  |z Texas  |z Panola County. 
650 0 |a Archaeological surveying  |z Texas  |z Panola County. 
651 0 |a Panola County (Tex.)  |x Antiquities. 
700 1 |a Green, Melissa M. 
710 2 |a Texas Historical Commission. 
830 0 |a Short report (Geo-Marine, Inc.) ;  |v no. 349. 
948 |a cataloged  |b h  |c 2012/12/6  |d c  |e jwilkinson 
994 |a C0  |b TXA 
999 |a MARS 
999 f f |s a2c7c79d-7dc3-3466-9b35-6224a00e43a8  |i 76be0b62-f8ea-301d-a6ed-f32ecdf6128a  |t 0 
952 f f |p ric  |a Texas A&M University  |b Rellis Campus  |c Joint Library Facility  |d Remote Storage  |t 0  |e F392.P17 G674 2012  |h Library of Congress classification  |i unmediated -- volume  |m A14841654645 
998 f f |a F392.P17 G674 2012  |t 0  |l Remote Storage